Podpora investícií do výskumu a vývoja na Slovensku bakalárska práca

Salvato in:
Dettagli Bibliografici
Autore principale: Lechtová, Diana
Ente Autore: Národohospodárska fakulta EU. Katedra hospodárskej politiky
Altri autori: Lábaj, Martin, 1982-
Natura: Libro
Lingua:slovacco
Pubblicazione: Bratislava 2023
Tags: Aggiungi Tag
Nessun Tag, puoi essere il primo ad aggiungerne!!

MARC

LEADER 00000nbm a2200000 4500
001 0294700
005 20231205143722.8
041 0 |a slo 
044 |a SK 
245 1 0 |a Podpora investícií do výskumu a vývoja na Slovensku  |b bakalárska práca  |c Diana Lechtová ; školiteľ: Martin Lábaj 
264 1 |a Bratislava  |c 2023 
300 |a 46 s. 
100 1 |a Lechtová, Diana 
700 1 |a Lábaj, Martin, 1982- 
710 2 |a Národohospodárska fakulta EU. Katedra hospodárskej politiky